000 00778nam a2200289Ia 4500
005 20260324122100.0
008 008 260324s9999 xx 000 0 eng d
020 _a9781315705019
037 _aEBOOK
040 _aCRL
040 _beng
040 _cCRL
041 _2eng
041 _aeng
084 _qCRL
100 _aRichard Grabowski; William Shields; Sharmistha Self
_91165040
245 0 _aEconomic Development: A Regional, Institutional, and Historical Approach
245 2 _bA Regional, Institutional and Historical Approach
260 _bTaylor and Francis
260 _c2013
365 _a
365 _b290
856 _uhttp://www.taylorfrancis.com/books/9781315705019
942 _cEBOOK
999 _c1757528
_d1757528